OCIO Y TRABAJO EN LA SOCIEDAD TECNOLOGICA /

Guardado en:
Detalles Bibliográficos
Autor corporativo: Reunión Anual de la Asociación Interdisciplinar José de Acosta ( Galapagar, Madrid)
Otros autores: Dou, Alberto (edición) (edición)
Formato: Procedimiento de la conferencia Libro
Temas:
Etiquetas: Agrega una etiqueta
Sin etiquetas, Sé el primero en etiquetar este registro!

MARC

LEADER 00000nam^a2200000^a^4500
001 000231543
005 20250521000000.0
009 20260310104523.173
020 |a 84-89708-08-8 
035 |a 055808 
037 |a Acervo Xavier Clavigero 
082 |a 306. 4812  |b REU 
111 1 |a Reunión Anual de la Asociación Interdisciplinar José de Acosta (  |n 23O :  |d 1996 :  |c Galapagar, Madrid) 
245 1 0 |a OCIO Y TRABAJO EN LA SOCIEDAD TECNOLOGICA /  |c ED. ALBERTO DOU 
264 |a MADRID :  |b UPCO,  |c 1997 
300 |a 247p. 
336 |a texto  |b txt  |2 rdacontenido 
337 |a sin mediación  |b n  |2 rdamedio 
338 |a volumen  |b nc  |2 rdasoporte 
649 |a XX 
650 |a OCIOCIDAD. 
650 |a Tecnología y Sociedad 
650 |a TRABAJO Y TRABAJADORES. 
700 |a Dou, Alberto  |e (edición) 
910 |a Fondo General 
920 |a Impresos - Libros 
930 |a Colección General 
905 |a 101 
901 |a 055808  |b IT1  |c ACC  |i 055808  |u 20250521 
902 |a https://opac.biblio.iteso.mx/vufind/Record/000231543